00423nam a22001457a 450000500170000000800410001702000180005804100080007608200180008410000170010224500850011926000260020430000110023065000360024120241202134722.0241202b |||||||| |||| 00| 0 eng d a9789392019005 aEng 22a610.73/DAM aDamir Shipra aA Textbook of Applied Human Anatomy & Physiology For Nurses BSc Nursing Students aJaipurbBookerac2024 a630 Pg aAnatomy & Physiology for Nurses